| 000 | 00819nam a2200277 i 4500 | ||
|---|---|---|---|
| 001 | bgj | ||
| 100 | 1 |
_aKENNEDY, John [Fitzgerald] _d(1917-1963) |
|
| 245 | 1 | 0 |
_aProfiles in Courage / _cJohn F. Kennedy ; foreword by Robert F. Kennedy. |
| 250 | _aCommemorative Edition. | ||
| 260 |
_aNew York : _bHarper Perennial, _c[1964]. |
||
| 300 |
_aXXI, 282 pp ; _c18 cm. |
||
| 504 | _aBibliography p. 261-275. | ||
| 505 | _aIncludes index. | ||
| 650 | 9 |
_aLegislators _zUnited States |
|
| 650 | 9 |
_aCourage _zUnited States |
|
| 651 | 9 | _aUnited States | |
| 651 | 9 |
_aUnited States _xPolitics and government |
|
| 655 | _aBiographies | ||
| 700 | 1 | _aKENNEDY, Robert F. | |
| 020 | _a0060806982 | ||
| 040 | _cBPK | ||
| 041 | 0 | _aeng | |
| 920 | _a0-06-080698-2 | ||
| 942 | _cKS | ||
| 008 | s uk f |000 0 eng | ||
| 999 |
_c47412 _d47412 |
||
| 856 |
_uhttp://koha.tu.koszalin.pl/cgi-bin/koha/opac-detail.pl?biblionumber=47412 _yKatalog online BPK |
||